Vážme si "bláznov" herec divadla Astorka Korzo '90 Boris Farkaš vie o kumšte svoje

Bibliographic Details
Main Authors: Chlapíková, Katarína (ain), Farkaš, Boris, 1954- (Author, uin)
Format: Article
Language:Slovak
Subjects:

MARC

LEADER 00000nab a2200000 a 4500
001 vtls000766322
003 SK-MaSNL
005 20260302152924.0
008 180205c2001 xo 0 slo
015 |a SNBRB2001/09-24591 
035 |a CLN000118109 
040 |a SNKBUCL  |b slo  |c SNKBUCL  |e AACR2 
041 0 |a slo 
044 |a xo  |c SK 
080 |a 792.071.2  |2 UDC-MRF-SK2 
080 |a 791.44.071.2  |2 UDC-MRF-SK2 
100 1 |a Chlapíková, Katarína  |4 ain  |9 411798 
245 1 0 |a Vážme si "bláznov"  |b herec divadla Astorka Korzo '90 Boris Farkaš vie o kumšte svoje  |c Katarína Chlapíková, Boris Farkaš 
300 |b Fotogr. 
600 1 7 |a Farkaš, Boris,  |d 1954-  |2 snkbucl  |9 108213 
655 7 |a články z novín a časopisov  |2 snkbucl  |9 267496 
700 1 |a Farkaš, Boris,  |d 1954-  |4 aut  |4 uin  |9 108213 
773 0 |x 0044-1953  |t Zdravie  |g Roč. 57, č. 7 (2001), s. 24-25 
850 |a Slovenská národná knižnica v Martine 
852 |a SNK  |b KIS3GCP 
958 |a RBX 
999 |c 1363921  |d 1365851